| 000 | 01026nmc a2200373 a 4500 | ||
|---|---|---|---|
| 003 | AR-BaBNM | ||
| 005 | 20251128205048.0 | ||
| 008 | 011101s1994 ||||||||||||||000 | spa|| | ||
| 020 | _a950-534-276-4 | ||
| 040 | _cAR-BaBNM | ||
| 245 | 1 | 0 |
_aPolítica y constitución _baportes para un debate necesario |
| 260 |
_aBuenos Aires _bA-Z editora _c1994 |
||
| 300 |
_a317 p. _btablas |
||
| 490 | 0 | _aCiencias sociales | |
| 504 | _aBibliografía: p. 315-317 | ||
| 650 | 4 | _aPOLITICA | |
| 650 | 4 | _aCONSTITUCIONES | |
| 650 | 4 | _aSISTEMAS POLITICOS | |
| 650 | 4 | _aDEMOCRACIA | |
| 650 | 4 | _aESTADO | |
| 650 | 4 | _aHISTORIA CONSTITUCIONAL | |
| 650 | 4 | _aDERECHO CONSTITUCIONAL | |
| 650 | 4 | _aREFORMA | |
| 651 | 4 | _aArgentina | |
| 700 | 1 |
_aLabourdette, Sergio _ecompilador |
|
| 700 | 1 | _aAgulla, Juan Carlos | |
| 700 | 1 | _aLubertino Beltrán, María José | |
| 700 | 1 | _aCastells, Alberto | |
| 700 | 1 | _aCortés Conde, Roberto | |
| 700 | 1 | _aLoñ, Félix R. | |
| 700 | 1 | _aStrasser, Carlos | |
| 942 | _cBK | ||
| 998 | _cEnrique | ||
| 999 |
_c9829 _d9829 |
||